| 000 | 00505nam a2200205Ia 4500 | ||
|---|---|---|---|
| 008 | 180523s9999 xx 000 0 und d | ||
| 020 | _a978-981-475-359-3 | ||
| 050 | _aFIL KPM 810 | ||
| 050 | _b.C37 2016 | ||
| 100 | _aCasis, Rommel J. | ||
| 245 | 4 | _aThe Law on contracts / | |
| 245 | 0 | _cRommel J. Casis. | |
| 260 | _aSingapore : | ||
| 260 | _bLexisNexis, | ||
| 260 | _c2016 | ||
| 300 | _a296 pages : | ||
| 300 | _c25 cm. | ||
| 500 | _aIncludes index. | ||
| 650 | _aContracts -- Philippines. | ||
| 999 |
_c357863 _d357863 |
||